長野県の難読地名 30コ - Statistics

General Stats
  • This quiz has been taken 39 times
  • The average score is 5 of 30
Answer Stats
漢字 回答 % Correct
牟礼(飯綱町) むれ
94%
御厨(長野市) みくりや
85%
泰阜(泰阜村) やすおか
82%
麻績(麻績村) おみ
67%
蓮(飯山市) はちす
48%
赤怒田(松本市) あかぬた
30%
氷鉋(長野市) ひがの
27%
筑摩(松本市) つかま
27%
出川(松本市) いでがわ
18%
稲核(松本市) いねこき
12%
六供(小諸市) ろっく
6%
伍和(阿智村) ごか
6%
治部坂(阿智村) じぶざか
6%
萸野(根羽村) ぐみの
6%
埋橋(前) うずはし
3%
稲倉(松本市) しなぐら
3%
惣社(松本市) そうざ
3%
水汲(松本市) みずくま
3%
高家(安曇野市) たきべ
3%
川端下(川上村) かわはけ
3%
伺去(長野市) しゃり
0%
新張(東御市) みはり
0%
上戸(伊那市) あがっと
0%
芝平(伊那市) しびら
0%
桜大臣(駒ケ根市) さくらんど
0%
上原(大町市) わっぱら
0%
温(安曇野市) ゆたか
0%
有明(池田町) うみょう
0%
上馬場(下諏訪町) かみばっぱ
0%
青木花見(安曇野市) あおけみ
0%
No matching quizzes found
Score Distribution
Percent of People with Each Score
Percentile by Number Answered
Your Score History
You have not taken this quiz